000 00433nam a2200145Ia 4500
003 OSt
005 20260124115219.0
008 211028s2017 xx 000 0 und d
040 _cAIMIT LIBRARY
041 _aeng
100 _aPinto, Loyal Florence; Dhananjaya, K.
_g1516078
_97654
245 _aStudy on brand equity on ultratech cement towards Mangala associates /
260 _aMangalore
_bDhananjaya K.
_c2017
942 _2ddc
_cPRO
999 _c219222
_d219222